Stress (Record no. 6063)
[ view plain ]
| 000 -LEADER | |
|---|---|
| fixed length control field | 00751 a2200205 4500 |
| 005 - DATE AND TIME OF LATEST TRANSACTION | |
| control field | 20080825120254.0 |
| 008 - FIXED-LENGTH DATA ELEMENTS--GENERAL INFORMATION | |
| fixed length control field | 080825t xxu||||| |||| 00| 0 eng d |
| 010 ## - LIBRARY OF CONGRESS CONTROL NUMBER | |
| LC control number | ENG-87109 |
| 020 ## - INTERNATIONAL STANDARD BOOK NUMBER | |
| International Standard Book Number | 818863123X |
| Terms of availability | 300.00 |
| 035 ## - SYSTEM CONTROL NUMBER | |
| System control number | EN-70642 |
| 037 ## - SOURCE OF ACQUISITION | |
| Source of stock number/acquisition | DBAD / PUB |
| 082 ## - DEWEY DECIMAL CLASSIFICATION NUMBER | |
| Classification number | 155.9042 |
| 100 ## - MAIN ENTRY--PERSONAL NAME | |
| Personal name | Sengar, Devendra |
| 245 ## - TITLE STATEMENT | |
| Title | Stress |
| Statement of responsibility, etc | by Devendra Sengar |
| 260 ## - PUBLICATION, DISTRIBUTION, ETC. (IMPRINT) | |
| Place of publication, distribution, etc | Delhi |
| Name of publisher, distributor, etc | Kunal Prakashan |
| Date of publication, distribution, etc | 2007 |
| 270 ## - ADDRESS | |
| Address | L-20/3 , Street No.5, Shivaji Marg, Kartar Nagar, |
| City | Delhi |
| Postal code | 110 053 |
| 300 ## - PHYSICAL DESCRIPTION | |
| Extent | 224p. |
| Dimensions | 21cm (Hb ) |
| 942 ## - ADDED ENTRY ELEMENTS (KOHA) | |
| Institution code [OBSOLETE] | dpl |
| Koha item type | English Books |
| Call number prefix | 155.9042 / SEN |
| Source of classification or shelving scheme | Dewey Decimal Classification |
| Classification part | 155.9042 |
| Call number suffix | SEN |
| Withdrawn status | Lost status | Damaged status | Not for loan | Home library | Current library | Date acquired | Cost, normal purchase price | Total Checkouts | Full call number | Barcode | Date last seen | Copy number | Uniform Resource Identifier | Cost, replacement price | Price effective from | Koha item type |
|---|---|---|---|---|---|---|---|---|---|---|---|---|---|---|---|---|
| D.B.Act.Division | D.B.Act.Division | 25/08/2008 | 300.00 | 155.9042 SEN | EN-70642 | 15/09/2008 | 1 | 6499 | 300.00 | 15/09/2008 | English Books |
